01434cam a22003617a 4500003000500000005001700005008004100022010000900063011000900072035000900081040000900090090001000099100004200109245009400151260004200245300003100287500001200318502007700330590003700407590004100444590004200485650005300527650004900580650004000629650003300669901000700702942000900709949004100718949004600759999001500805952012500820952012700945CHAP20220329133055.0971013s1991 r 00010 d a1859 a2831 a2031 cCHAP aTesis00aSalcido Ramos, Blanca Alicia.910150813aEl trabajo extradoméstico de la mujer campesina en dos comunidades del estado de Puebla aMontecillo, Méx. :bEl Autor,c1991 a136 h.b: ilus. ; gráfs. aD43-137 aTesis (M.C. Esp. en Desarrollo Rural) -- C.P. Centro de Desarrollo Rural aALEPHb10c20130110lUCH01h1210 aBATCH-UPDb10c20130110lUCH01h1733 aCONVERSIONb10c20130109lUCH01h130214aDesarrollo de la comunidad ruralzPuebla.93204414aMujer en comunidades ruralesxPuebla.97938214aPueblaxCondiciones rurales.99287114aTrabajo de la mujer.9114490 aBK cFOLL bBCcTESd-11526eTS1h23776i2031si bBCcTESd-70388eTS2fc.2h23777i2031si c1859d1859 00102local4053708TESISaBCbBCcPA_TESISd2019-12-31fTESISl0p-70388r2019-12-31 00:00:00tc.2w2019-12-31yTESIS 00102local4051708TESISaBCbBCcPA_TESISd2019-12-31fTESISl0oTesisp-11526r2019-12-31 00:00:00w2019-12-31yTESIS